Statistiques concernant Les Communes de Bruxelles

Cliquez ici pour prendre le quiz!

Statistiques générales

  • Ce quiz a été pris 83 fois
  • Le résultat moyen est 12 sur 19

Statistiques - réponses

Réponse% Correct
Molenbeek-Saint-Jean
91%
Anderlecht
85%
Uccle
83%
Schaerbeek
79%
Jette
77%
Ixelles
70%
Woluwe-Saint-Lambert
70%
Etterbeek
66%
Saint-Gilles
64%
Evere
62%
Woluwe-Saint-Pierre
58%
Forest
57%
Berchem-Sainte-Agathe
53%
Koekelberg
51%
Auderghem
49%
Ganshoren
49%
Watermael-Boitsfort
47%
Bruxelles-ville
42%
Saint-Josse-ten-Noode
42%

Distribution des résultats

Percentile par nombre de réponses

% des personnes avec chaque résultat

Votre développement - résultats

Vous n’avez pas pris ce quiz